| 000 | 00360 a2200157 4500 | ||
|---|---|---|---|
| 001 | 68425 | ||
| 020 | _a9788579017872 | ||
| 040 | _cAnchieta - Pituba | ||
| 100 | _aBaccaro, Fernanda | ||
| 240 | 1 | 0 |
_aLíngua Portuguesa 1ª série _l |
| 245 | 1 | 0 | _aLíngua Portuguesa 1ª série |
| 300 | _a208 | ||
| 362 | 0 | _a2023 | |
| 650 | 4 | _aLíngua Portuguesa | |
| 942 | _cBK | ||
| 999 |
_c68425 _d68425 |
||